000 00633cam a2200229 4500500
005 20260329001303.0
041 _afre
042 _adc
100 1 0 _aMoreau, Anne-Sophie
_eauthor
245 0 0 _aBien écouter, avec Plutarque
260 _c2023.
500 _a53
690 _aBienveillance
690 _aCollaboration
690 _aCommunication
690 _aCompétences
690 _aCoopération
690 _aSoft skills
690 _aTravail
786 0 _nPhilonomist | - | 10 | 2023-10-25 | p. 23-24
856 4 1 _uhttps://shs.cairn.info/magazine-philonomist-2023-10-page-23?lang=fr&redirect-ssocas=7080
999 _c1803881
_d1803881